000 00541nam a22001937a 4500
003 OSt
005 20240626113354.0
008 240626b |||||||| |||| 00| 0 eng d
020 _a9781856497015
040 _cMUST
082 _a338.927 SAC 1999
100 _aSachs Wolfgang
_91102
245 _aPlanet Dialectics
_bExploration in Environment and development
_cwolfgang Sachs
260 _aNew York
_bFernwood publishing
300 _axiv,226p;
_c22cm
504 _aindexes included
650 _2global Environment
942 _2ddc
_cO_SHELF
999 _c8906
_d8906